Los Concejales y el acceso a la información : (el derecho de los concejales de acceso a la documentación local) / Severiano Fernández Ramos (el derecho de los concejales de acceso a la documentación local) / Severiano Fernández Ramos
ISBN:
84-8444-303-5
Descripción Física:
281 p. ; 17 cm
Colección:
Temas básicos de derecho administrativo ; 4
MARC
| LEADER | 00000nam a2200000Ia 4500 | ||
|---|---|---|---|
| 001 | 18156 | ||
| 008 | 160829s2001 xx 000 0 cat d | ||
| 020 | |a 84-8444-303-5 | ||
| 080 | |a D-3-104 | ||
| 100 | |a Fernández Ramos, Severiano |9 23306 | ||
| 245 | |a Los Concejales y el acceso a la información : |b (el derecho de los concejales de acceso a la documentación local) / Severiano Fernández Ramos | ||
| 260 | |a Granada : |b Comares, |c 2001 | ||
| 300 | |a 281 p. ; |c 17 cm | ||
| 490 | |a Temas básicos de derecho administrativo ; 4 | ||
| 650 | |a Municipis |x Govern i administració |x Espanya |9 23379 | ||
| 650 | |a Regidors municipals |x Espanya |9 23308 | ||
| 650 | 0 | |a Dret |9 19950 | |
| 901 | |a Arxiu | ||
| 942 | |n 1 | ||
| 952 | |0 1 |1 0 |2 udc |4 0 |5 2 |6 D3104 |7 1 |9 42658 |a Arxiu |b Arxiu |d 2016-12-01 |l 0 |o D-3-104 |p 18156 |r 2016-12-01 00:00:00 |w 2016-12-01 |y ARXIU | ||
| 999 | |c 45164 |d 45164 | ||